01181nam a2200349 i 4500001001000000003000900010005001700019007000300036008004100039020001500080040003000095041000800125082002100133100004100154245004400195250002200239264004200261300004400303336002700347337003300374338002800407500004200435500003300477504003900510650002200549650002700571650003000598650003900628942001400667952013300681999001700814000041442DO-SdBNP20260224131120.0ta101125s1990 sp a 000 0 spa d a8425414261 aDO-SdBNPbspacBNPHUerda aspa 4a171.4bM425a2221 aMateu, Gregorio,eautor4aut.94748710aLa aventura de vivir /cGregorio Mateu. atercera edición 1aBarcelona, España :bHerder,c1990. a368 páginas :bilustraciones;c22 cm. atextobtxt2rdacontent asin mediaciónbn2rdamedia avolumenbnc2rdacarrier aIncluye índice de fuentes y nombres aIncluye índice de materias aBibliografía : páginas 361-364 4a Hedonismo946447 4aExistencialismo936017 7aFelicidad2LIBRUNAM95856 7aConducta de vida 2LIBRUNAM911947 2ddccLBS1 00102ddc51708PDaBNPHUbBNPHUcCTd2013-10-04l0oBNPHU PD 171.4 M425ap41442-10r2020-06-25w2020-06-25yLBS1ZNo se presta c40932d40932